| 000 | 00881nac a22002531u 4500 | ||
|---|---|---|---|
| 020 | _a0071107665 | ||
| 082 |
_a004.21 _bBEN |
||
| 090 |
_c5207 _d5207 |
||
| 100 | _abentley, lonnie d . | ||
| 245 |
_aSystems analysis and design for the global enterprise/ _cLonnie D. Bentley, Jeffrey L. Whitten with contributions by Gary Randolph |
||
| 250 | _a7th ed. | ||
| 260 |
_aBoston: _bMcGraw-hill,2007 _c2007 |
||
| 300 |
_a747 p.: _bill.; _c25 cm. |
||
| 500 | _aIncludes index | ||
| 500 | _adistributer: Al-Ahram | ||
| 511 | _acatalogued by: wessam | ||
| 650 | _aSystem analysis | ||
| 650 | _aSystem design | ||
| 650 | _aInternational trade | ||
| 700 | _aWhitten, Jeffrey L. | ||
| 700 | _aRandolph, Gary | ||
| 942 |
_cBB _k004.21BEN |
||
| 999 |
_c5207 _d5207 |
||